000 00453nam a2200205Ia 4500
001 13324
003 GE_BSU
008 181216s||||||||xx |||||||||||||| ||und||
020 _a0747257906
040 _cGE_BSU
080 _a821.111-3
100 _aPatterson,James.
245 _aPop goes the weasel.
260 _aLondon.
260 _bHeadline Feature.
260 _c1999
300 _a500p;18cm.
653 _aPop goes the weasel.
942 _cBK
999 _c46485
_d46485